000
00336nam a22001217a 4500
003
SGT
082
_a
891.4309
_b
B05D
100
_a
दुबे, अभय कुमार
245
_a
बीच बहस में सेकुलरवाद
260
_b
वाणी प्रकाशन
_c
2005
300
_a
401
942
_2
ddc
_c
BK
999
_c
31280
_d
31280